[Event "Sitges Sunway op 6th"]
[Site "Sitges"]
[Date "2019.12.16"]
[Round "4"]
[White "Meister, Peter"]
[Black "Peralta, Fernando"]
[Result "0-1"]
[WhiteElo "2373"]
[BlackElo "2577"]
[PlyCount "76"]
[EventDate "2019.12.13"]
[EventType "swiss"]
[EventRounds "10"]
[EventCountry "ESP"]
[SourceTitle "CBM 193 Extra"]
[Source "ChessBase"]
[SourceDate "2020.01.31"]
[SourceVersion "1"]
[SourceVersionDate "2020.01.31"]
[SourceQuality "1"]

1. d4 Nf6 2. Nf3 e6 3. c4 b6 4. a3 Bb7 5. Nc3 d5 6. Bg5 Be7 7. Qa4+ Bc6 8. Qb3 dxc4 9. Qxc4 0-0 10. Rd1 Bb7 11. Bxf6 Bxf6 12. e4 a6 13. Be2 b5 14. Qa2 c5 15. e5 Be7 16. dxc5 Qc7 17. b4 Nd7 18. 0-0 Rad8 19. Qc2 Nxe5 20. Nxe5 Qxe5 21. Bd3 g6 22. Rfe1 Qc7 23. Be4 Bc8 24. g3 f5 25. Bg2 Bf6 26. Ne2 Be5 27. Nc1 Bg7 28. f4 e5 29. fxe5 Bxe5 30. Nd3 Bd4+ 31. Kh1 g5 32. Re2 f4 33. Ne1 fxg3 34. Red2 Bb7 35. c6 Bxc6 36. Qb3+ Kh8 37. hxg3 Rf1+ 38. Kh2 Bg1+ 0-1

[Event "Sitges Sunway op 6th"]
[Site "Sitges"]
[Date "2019.12.14"]
[Round "2"]
[White "Meister, Peter"]
[Black "Shevchenko, Kirill"]
[Result "0-1"]
[WhiteElo "2373"]
[BlackElo "2547"]
[PlyCount "76"]
[EventDate "2019.12.13"]
[EventType "swiss"]
[EventRounds "10"]
[EventCountry "ESP"]
[SourceTitle "CBM 193 Extra"]
[Source "ChessBase"]
[SourceDate "2020.01.31"]
[SourceVersion "1"]
[SourceVersionDate "2020.01.31"]
[SourceQuality "1"]

1. d4 Nf6 2. c4 g6 3. f3 c5 4. d5 d6 5. e4 e6 6. Bg5 Bg7 7. Nc3 exd5 8. cxd5 h6 9. Be3 0-0 10. Qd2 Kh7 11. Nge2 Nbd7 12. Nc1 Ne5 13. Be2 Ng8 14. 0-0 f5 15. f4 Nd7 16. exf5 gxf5 17. g4 Re8 18. Bf2 fxg4 19. Bxg4 Ndf6 20. Qd3+ Kh8 21. Bxc8 Qxc8 22. f5 Ng4 23. N1e2 c4 24. Qf3 Ne5 25. Qh3 Nd3 26. Bd4 Qd7 27. Kh1 Be5 28. Qh4 b5 29. Bxe5+ Rxe5 30. f6 Qf7 31. Rg1 b4 32. Rg7 Qh5 33. Qg3 Nxf6 34. Rg1 Rg5 35. Rxg5 hxg5 36. Nd1 Qxe2 37. Qh3+ Qh5 38. Qf5 Rf8 0-1

[Event "Sitges Sunway op-A 5th"]
[Site "Sitges"]
[Date "2018.12.22"]
[Round "9"]
[White "Romanishin, Oleg M"]
[Black "Meister, Peter"]
[Result "1/2-1/2"]
[WhiteElo "2451"]
[BlackElo "2355"]
[PlyCount "34"]
[EventDate "2018.12.14"]
[EventType "swiss"]
[EventRounds "10"]
[EventCountry "ESP"]
[SourceTitle "CBM 187 Extra"]
[Source "ChessBase"]
[SourceDate "2018.11.04"]
[SourceVersion "1"]
[SourceVersionDate "2018.11.04"]
[SourceQuality "1"]

1. d4 g6 2. Nf3 Bg7 3. g3 d5 4. Bg2 Nh6 5. 0-0 Nf5 6. c3 Nd7 7. Nbd2 Nd6 8. Qb3 Nf6 9. c4 dxc4 10. Nxc4 0-0 11. Nce5 Be6 12. Qa4 Bd5 13. Bd2 a5 14. Qc2 Be4 15. Qb3 Bd5 16. Qc2 Be4 17. Qb3 Bd5 1/2-1/2

[Event "Bundesliga 1718"]
[Site "Germany"]
[Date "2018.02.03"]
[Round "7.6"]
[White "Meister, Peter"]
[Black "Womacka, Mathias"]
[Result "1/2-1/2"]
[WhiteElo "2359"]
[BlackElo "2434"]
[PlyCount "42"]
[EventDate "2017.10.21"]
[EventType "team-tourn"]
[EventRounds "15"]
[EventCountry "GER"]
[SourceTitle "CBM 183"]
[Source "ChessBase"]
[SourceDate "2018.03.14"]
[SourceVersion "1"]
[SourceVersionDate "2018.03.14"]
[SourceQuality "1"]
[WhiteTeam "Bayern Muenchen"]
[BlackTeam "Schwaebisch Hall"]
[WhiteTeamCountry "GER"]
[BlackTeamCountry "GER"]

1. d4 Nf6 2. Nf3 e6 3. e3 c5 4. Bd3 Nc6 5. 0-0 d5 6. b3 cxd4 7. exd4 Be7 8. Bb2 0-0 9. Nbd2 b6 10. a3 Bb7 11. Qe2 Rc8 12. Rfe1 Qc7 13. Rac1 Rfe8 14. Ne5 Bf8 15. f4 g6 16. Rf1 Nd7 17. Rce1 f5 18. Nxd7 Qxd7 19. Nf3 Bd6 20. Ne5 Qe7 21. b4 a5 1/2-1/2

[Event "Bundesliga 1718"]
[Site "Germany"]
[Date "2017.10.22"]
[Round "2.7"]
[White "Sandipan, Chanda"]
[Black "Meister, Peter"]
[Result "1/2-1/2"]
[WhiteElo "2593"]
[BlackElo "2359"]
[PlyCount "94"]
[EventDate "2017.10.21"]
[EventType "team-tourn"]
[EventRounds "15"]
[EventCountry "GER"]
[SourceTitle "CBM 181"]
[Source "ChessBase"]
[SourceDate "2017.11.10"]
[SourceVersion "1"]
[SourceVersionDate "2017.11.10"]
[SourceQuality "1"]
[WhiteTeam "Solingen"]
[BlackTeam "Bayern Muenchen"]
[WhiteTeamCountry "GER"]
[BlackTeamCountry "GER"]

1. e4 e6 2. d4 d5 3. e5 c5 4. c3 Nc6 5. Nf3 Nh6 6. Bd3 f6 7. 0-0 cxd4 8. cxd4 Nf7 9. Nc3 fxe5 10. Nxe5 Ncxe5 11. dxe5 Bc5 12. b4 Bb6 13. Na4 Bd4 14. Bb5+ Bd7 15. Bxd7+ Qxd7 16. Qxd4 Qxa4 17. Qg4 0-0 18. Qxe6 Qxb4 19. Qxd5 Rfd8 20. Qf3 Nxe5 21. Qf5 Re8 22. Rb1 Qe7 23. Bd2 b6 24. Rb5 Nc4 25. Bb4 Qf7 26. Qxf7+ Kxf7 27. Rf5+ Kg8 28. Rd1 Rad8 29. Rfd5 Rxd5 30. Rxd5 a5 31. Bc3 Re2 32. h4 Rxa2 33. Rd7 Rc2 34. Bxg7 a4 35. h5 a3 36. h6 a2 37. Kh2 Rc1 38. g4 a1Q 39. Bxa1 Rxa1 40. Rg7+ Kh8 41. Rc7 Nd6 42. Rc6 Rd1 43. Rxb6 Kg8 44. Kg3 Kf7 45. Rb8 Rh1 46. g5 Nf5+ 47. Kg4 Nxh6+ 1/2-1/2

[Event "Bundesliga 1718"]
[Site "Germany"]
[Date "2017.10.21"]
[Round "1.7"]
[White "Meister, Peter"]
[Black "Hoffmann, Michael"]
[Result "1/2-1/2"]
[WhiteElo "2359"]
[BlackElo "2471"]
[PlyCount "48"]
[EventDate "2017.10.21"]
[EventType "team-tourn"]
[EventRounds "15"]
[EventCountry "GER"]
[SourceTitle "CBM 181"]
[Source "ChessBase"]
[SourceDate "2017.11.10"]
[SourceVersion "1"]
[SourceVersionDate "2017.11.10"]
[SourceQuality "1"]
[WhiteTeam "Bayern Muenchen"]
[BlackTeam "Aachen"]
[WhiteTeamCountry "GER"]
[BlackTeamCountry "GER"]

1. d4 Nf6 2. Nf3 g6 3. Nc3 d5 4. Bf4 Bg7 5. e3 0-0 6. Be2 c5 7. 0-0 cxd4 8. exd4 Bg4 9. h3 Bxf3 10. Bxf3 Nc6 11. Qd3 Rc8 12. Ne2 Qb6 13. c3 Rfe8 14. Rab1 a6 15. Rfd1 Qa5 16. a3 b5 17. b4 Qb6 18. Qc2 e6 19. a4 bxa4 20. Qxa4 Na7 21. Ra1 Rc6 22. Bd2 Nb5 23. Ra2 h5 24. Qb3 Rec8 1/2-1/2

[Event "Sitges op 42nd"]
[Site "Sitges"]
[Date "2016.07.24"]
[Round "3"]
[White "Henriquez Villagra, Cristobal"]
[Black "Meister, Peter"]
[Result "1-0"]
[WhiteElo "2491"]
[BlackElo "2355"]
[PlyCount "47"]
[EventDate "2016.07.22"]
[EventType "swiss"]
[EventRounds "9"]
[EventCountry "ESP"]
[SourceTitle "EXT 2017"]
[Source "ChessBase"]
[SourceDate "2016.10.25"]
[SourceVersion "1"]
[SourceVersionDate "2016.10.25"]
[SourceQuality "1"]

1. e4 e6 2. d4 d5 3. Nc3 Nc6 4. Nf3 Nf6 5. e5 Ne4 6. Bb5 Bd7 7. Bd3 Nxc3 8. bxc3 Be7 9. h4 h6 10. Rh3 Na5 11. Rg3 Bf8 12. Qd2 Ba4 13. Qf4 Qd7 14. Nd2 b6 15. h5 Rg8 16. Nb3 Nb7 17. Rb1 Rh8 18. Rf3 a5 19. Bd2 Bc6 20. Bc1 a4 21. Nd2 Na5 22. Qg3 b5 23. Rf4 Nc4 24. Qf3 1-0

[Event "Bundesliga 1516"]
[Site "Germany"]
[Date "2016.02.20"]
[Round "8.3"]
[White "Nikolic, Predrag"]
[Black "Meister, Peter"]
[Result "1-0"]
[WhiteElo "2606"]
[BlackElo "2382"]
[PlyCount "125"]
[EventDate "2015.09.18"]
[EventType "team-tourn"]
[EventRounds "15"]
[EventCountry "GER"]
[SourceTitle "CBM 171"]
[Source "ChessBase"]
[SourceDate "2016.03.14"]
[SourceVersion "2"]
[SourceVersionDate "2016.03.14"]
[SourceQuality "1"]
[WhiteTeam "Solingen"]
[BlackTeam "Bayern Muenchen"]
[WhiteTeamCountry "GER"]
[BlackTeamCountry "GER"]

1. d4 e6 2. c4 f5 3. Nf3 Nf6 4. h3 d5 5. Bf4 Bd6 6. e3 0-0 7. Nc3 a6 8. Rc1 Bxf4 9. exf4 Qd6 10. g3 dxc4 11. Bxc4 Nc6 12. 0-0 b5 13. Bb3 Na5 14. Bc2 Bb7 15. Re1 Rfe8 16. b3 Rad8 17. Re3 h6 18. Bd3 Qb6 19. Qe2 Nc6 20. Rxe6 Nxd4 21. Nxd4 Qxd4 22. Bxf5 b4 23. Na4 Rxe6 24. Bxe6+ Kh8 25. Nc5 Ba8 26. h4 a5 27. h5 Qd2 28. Qxd2 Rxd2 29. Bh3 Bf3 30. Ne6 c6 31. Bg2 Bxh5 32. Bxc6 Rxa2 33. Bb5 Bg4 34. Nd4 Rd2 35. Nc6 Bd7 36. Bf1 Ne4 37. Ne5 Nc3 38. Nc4 Rd5 39. Re1 a4 40. bxa4 Bxa4 41. Nb2 Bd7 42. Ra1 g5 43. fxg5 hxg5 44. Ra7 Rd4 45. Rc7 Rd2 46. Nd3 Bf5 47. Nxb4 Ne4 48. Nd3 Rd1 49. Rc1 Rd2 50. Re1 Kg7 51. Re3 g4 52. Be2 Ng5 53. Nf4 Ra2 54. Kh2 Kh6 55. Nd5 Ra1 56. Nf6 Ra4 57. Ng8+ Kg7 58. Re5 Kxg8 59. Rxf5 Ne6 60. Rf6 Ng7 61. Kg2 Rd4 62. Rg6 Re4 63. Kf1 1-0

[Event "Bundesliga 1516"]
[Site "Germany"]
[Date "2016.02.06"]
[Round "5.7"]
[White "Meister, Peter"]
[Black "Neef, Maximilian"]
[Result "1/2-1/2"]
[WhiteElo "2382"]
[BlackElo "2406"]
[PlyCount "106"]
[EventDate "2015.09.18"]
[EventType "team-tourn"]
[EventRounds "15"]
[EventCountry "GER"]
[SourceTitle "CBM 171"]
[Source "ChessBase"]
[SourceDate "2016.03.14"]
[SourceVersion "2"]
[SourceVersionDate "2016.03.14"]
[SourceQuality "1"]
[WhiteTeam "Bayern Muenchen"]
[BlackTeam "Dresden TU"]
[WhiteTeamCountry "GER"]
[BlackTeamCountry "GER"]

1. d4 Nf6 2. c4 g6 3. f3 Bg7 4. e4 d6 5. Ne2 0-0 6. Be3 a6 7. Nec3 Nbd7 8. Be2 c5 9. d5 Ne5 10. a4 e6 11. 0-0 Rb8 12. Na3 Re8 13. Qd2 exd5 14. cxd5 Qa5 15. h3 Qc7 16. Bg5 Ned7 17. g4 h5 18. Kg2 Nh7 19. Bf4 Ne5 20. Bg3 hxg4 21. hxg4 Qe7 22. Rae1 Bd7 23. Rh1 Nf8 24. f4 Nxg4 25. Bxg4 Bxg4 26. e5 Red8 27. Nc4 dxe5 28. fxe5 b5 29. axb5 axb5 30. Ne3 Bc8 31. d6 Bb7+ 32. Ncd5 Qg5 33. Kf1 Nd7 34. Bf4 Qxf4+ 35. Nxf4 Bxh1 36. Ned5 Nxe5 37. Ne7+ Kf8 38. Rxe5 Bxe5 39. Nfxg6+ fxg6 40. Nxg6+ Kf7 41. Nxe5+ Ke6 42. Nd3 Kxd6 43. Qh2+ Kd5 44. Qe5+ Kc4 45. Qc3+ Kd5 46. Qxc5+ Ke6 47. Qe3+ Kd6 48. Qf4+ Kd7 49. Qf5+ Kc7 50. Qc5+ Bc6 51. Nb4 Rb6 52. Nxc6 Rxc6 53. Qxb5 Rf8+ 1/2-1/2

[Event "Sitges op 41st"]
[Site "Sitges"]
[Date "2015.07.29"]
[Round "8"]
[White "Johannessen, Leif Erlend"]
[Black "Meister, Peter"]
[Result "1/2-1/2"]
[WhiteElo "2517"]
[BlackElo "2390"]
[PlyCount "90"]
[EventDate "2015.07.22"]
[EventType "swiss"]
[EventRounds "9"]
[EventCountry "ESP"]
[SourceTitle "EXT 2016"]
[Source "ChessBase"]
[SourceDate "2015.10.08"]
[SourceVersion "1"]
[SourceVersionDate "2015.10.08"]
[SourceQuality "1"]

1. d4 d5 2. c4 e6 3. Nc3 Nf6 4. cxd5 exd5 5. Bg5 Nbd7 6. e3 Be7 7. Bd3 c6 8. Qc2 Nh5 9. Bxe7 Qxe7 10. 0-0-0 g6 11. h3 Nb6 12. Nf3 Be6 13. Kb1 Nf6 14. Rc1 Nfd7 15. Ka1 0-0-0 16. Na4 Nxa4 17. Qxa4 Kb8 18. Rc3 Nb6 19. Qa5 f6 20. Nd2 Qc7 21. Rhc1 g5 22. b4 Nc8 23. Qxc7+ Kxc7 24. b5 Ne7 25. Nb3 Bd7 26. Nc5 Kb8 27. a4 Bc8 28. a5 cxb5 29. Bxb5 Rd6 30. Rb1 Ka8 31. Rcb3 Nc6 32. Bxc6 Rxc6 33. Nxb7 Ra6 34. R1b2 Bxb7 35. Rxb7 Rxa5+ 36. Kb1 h5 37. Rf7 Ra6 38. Rd7 Rc8 39. Rxd5 Rac6 40. Rd7 a6 41. d5 Rc1+ 42. Ka2 R8c5 43. Rd8+ Ka7 44. Rd7+ Ka8 45. Rd8+ Ka7 1/2-1/2

[Event "Bundesliga 1415"]
[Site "Germany"]
[Date "2015.04.12"]
[Round "15.4"]
[White "Zaragatski, Ilja"]
[Black "Meister, Peter"]
[Result "1-0"]
[WhiteElo "2472"]
[BlackElo "2411"]
[PlyCount "65"]
[EventDate "2014.10.18"]
[EventType "team-tourn"]
[EventRounds "15"]
[EventCountry "GER"]
[SourceTitle "CBM 166"]
[Source "ChessBase"]
[SourceDate "2015.05.11"]
[SourceVersion "1"]
[SourceVersionDate "2015.05.11"]
[SourceQuality "1"]
[WhiteTeam "Katernberg"]
[BlackTeam "Bayern Muenchen"]
[WhiteTeamCountry "GER"]
[BlackTeamCountry "GER"]

1. c4 g6 2. d4 Bg7 3. Nf3 d6 4. Nc3 Bg4 5. g3 Bxf3 6. exf3 e6 7. d5 e5 8. c5 dxc5 9. Qb3 b6 10. d6 c6 11. Bc4 Qd7 12. a4 Nf6 13. Bg5 0-0 14. 0-0-0 Qf5 15. h4 Qxf3 16. h5 Nbd7 17. h6 Bh8 18. Nd5 cxd5 19. Qxf3 e4 20. Qf4 dxc4 21. Bxf6 Bxf6 22. Qxe4 Ne5 23. Kb1 Rad8 24. Rd2 Rfe8 25. f4 Ng4 26. Qxc4 Ne3 27. Qb5 Nf5 28. d7 Re6 29. Re2 Nd4 30. Rxe6 fxe6 31. Qa6 Rxd7 32. Qc8+ Rd8 33. Qb7 1-0

[Event "Bundesliga 1415"]
[Site "Germany"]
[Date "2015.03.15"]
[Round "13.6"]
[White "Meister, Peter"]
[Black "Maksimenko, Andrei"]
[Result "0-1"]
[WhiteElo "2411"]
[BlackElo "2493"]
[PlyCount "104"]
[EventDate "2014.10.18"]
[EventType "team-tourn"]
[EventRounds "15"]
[EventCountry "GER"]
[SourceTitle "CBM 166"]
[Source "ChessBase"]
[SourceDate "2015.05.11"]
[SourceVersion "1"]
[SourceVersionDate "2015.05.11"]
[SourceQuality "1"]
[WhiteTeam "Bayern Muenchen"]
[BlackTeam "Berlin SF"]
[WhiteTeamCountry "GER"]
[BlackTeamCountry "GER"]

1. d4 Nf6 2. c4 e6 3. Nf3 d5 4. Nc3 dxc4 5. e3 a6 6. a4 c5 7. Bxc4 Nc6 8. 0-0 Qc7 9. Qe2 Bd6 10. h3 0-0 11. Rd1 b6 12. dxc5 Bxc5 13. e4 Bb7 14. e5 Nh5 15. Kf1 Rfd8 16. Bg5 Be7 17. Rxd8+ Rxd8 18. Bxe7 Nxe7 19. Bxa6 Nf4 20. Qc4 Qxc4+ 21. Bxc4 Neg6 22. Ne1 Nxe5 23. Bb5 Kf8 24. a5 bxa5 25. Rxa5 g5 26. Ra7 Rb8 27. b4 Nd5 28. Nxd5 Bxd5 29. Be2 Rxb4 30. Ra1 Rb2 31. Rc1 Kg7 32. Nc2 Ng6 33. g3 Ne5 34. Ne3 Bb7 35. Ke1 Kg6 36. Rc2 Rb1+ 37. Kd2 Be4 38. Ra2 h5 39. f4 gxf4 40. gxf4 Nf3+ 41. Bxf3 Bxf3 42. h4 Rb4 43. f5+ exf5 44. Ra3 Rxh4 45. Nxf5 Kxf5 46. Rxf3+ Rf4 47. Rg3 h4 48. Rg7 Kf6 49. Rg8 Rf5 50. Rh8 Kg5 51. Rg8+ Kh5 52. Ke2 h3 0-1

[Event "Bundesliga 1415"]
[Site "Germany"]
[Date "2015.01.31"]
[Round "8.1"]
[White "Meister, Peter"]
[Black "Cyborowski, Lukasz"]
[Result "1/2-1/2"]
[WhiteElo "2411"]
[BlackElo "2510"]
[PlyCount "52"]
[EventDate "2014.10.18"]
[EventType "team-tourn"]
[EventRounds "15"]
[EventCountry "GER"]
[SourceTitle "CBM 165"]
[Source "ChessBase"]
[SourceDate "2015.03.11"]
[SourceVersion "1"]
[SourceVersionDate "2015.03.11"]
[SourceQuality "1"]
[WhiteTeam "Bayern Muenchen"]
[BlackTeam "Trier"]
[WhiteTeamCountry "GER"]
[BlackTeamCountry "GER"]

1. d4 Nf6 2. c4 e6 3. Nf3 d5 4. Nc3 Be7 5. Bg5 0-0 6. e3 h6 7. Bh4 Ne4 8. Bxe7 Qxe7 9. Qc2 Nxc3 10. Qxc3 dxc4 11. Bxc4 b6 12. 0-0 Bb7 13. b4 c5 14. dxc5 bxc5 15. b5 Nd7 16. Rfc1 Rfc8 17. Bf1 a6 18. a4 axb5 19. axb5 Rxa1 20. Rxa1 Bxf3 21. gxf3 Nb6 22. f4 Qc7 23. Bg2 Nd5 24. Qc4 Nb6 25. Qc3 Nd5 26. Qc4 Nb6 1/2-1/2

[Event "Sitges Sunway op 1st"]
[Site "Sitges"]
[Date "2014.12.18"]
[Round "6"]
[White "Meister, Peter"]
[Black "Parals Marce, Luis"]
[Result "1-0"]
[WhiteElo "2408"]
[BlackElo "1972"]
[PlyCount "135"]
[EventDate "2014.12.14"]
[EventType "swiss"]
[EventRounds "9"]
[EventCountry "ESP"]
[SourceTitle "EXT 2016"]
[Source "ChessBase"]
[SourceDate "2015.10.08"]
[SourceVersion "1"]
[SourceVersionDate "2015.10.08"]
[SourceQuality "1"]

1. d4 d5 2. c4 e6 3. Nc3 Nf6 4. Bg5 Be7 5. e3 0-0 6. Nf3 h6 7. Bh4 b6 8. Rc1 Bb7 9. Bxf6 Bxf6 10. cxd5 exd5 11. b4 c6 12. Be2 Re8 13. 0-0 Nd7 14. Qb3 a6 15. a4 Nf8 16. Rfd1 Nh7 17. b5 cxb5 18. axb5 a5 19. Rc2 Ng5 20. Nxg5 hxg5 21. Bf3 Rc8 22. Rdc1 Kh8 23. h3 Rc4 24. Qa2 g4 25. Bxg4 Qd6 26. Ne2 Rxc2 27. Qxc2 Bd8 28. Nf4 Re7 29. Nd3 Rc7 30. Qb3 Rxc1+ 31. Nxc1 Be7 32. Nd3 Qc7 33. Bd1 Bd6 34. Nb2 Bb4 35. Qc2 Qd7 36. Be2 g6 37. Na4 Qd6 38. h4 Kg7 39. g3 Qd8 40. Kg2 Qd6 41. h5 Be1 42. hxg6 fxg6 43. Nb2 Bb4 44. Nd3 g5 45. Ne5 Ba3 46. Bd1 Bb4 47. Qd3 Bc8 48. Bc2 Qh6 49. Kg1 Bd6 50. Qc3 Bb7 51. Nc6 Qf6 52. Bb3 Qf3 53. Nd8 Bxg3 54. fxg3 Qxg3+ 55. Kf1 Qf3+ 56. Ke1 Qh1+ 57. Kd2 Qg2+ 58. Kc1 Qf1+ 59. Bd1 Ba8 60. Qc7+ Kg8 61. Ne6 Qf6 62. Qe5 Qh6 63. Qxg5+ Qxg5 64. Nxg5 Kf8 65. Bg4 Ke7 66. Kb2 Bb7 67. Nh3 Kf6 68. Nf4 1-0

[Event "Sitges Sunway op 1st"]
[Site "Sitges"]
[Date "2014.12.14"]
[Round "2"]
[White "Meister, Peter"]
[Black "Narciso Dublan, Marc"]
[Result "0-1"]
[WhiteElo "2408"]
[BlackElo "2515"]
[PlyCount "98"]
[EventDate "2014.12.14"]
[EventType "swiss"]
[EventRounds "9"]
[EventCountry "ESP"]
[SourceTitle "EXT 2016"]
[Source "ChessBase"]
[SourceDate "2015.10.08"]
[SourceVersion "1"]
[SourceVersionDate "2015.10.08"]
[SourceQuality "1"]

1. d4 Nf6 2. c4 e6 3. Nf3 Bb4+ 4. Nbd2 b6 5. a3 Bxd2+ 6. Qxd2 Bb7 7. e3 0-0 8. b4 d6 9. Bb2 Nbd7 10. Be2 Ne4 11. Qc2 Ng5 12. Nd2 f5 13. f3 Qe7 14. 0-0 c5 15. Qc3 Rf6 16. Kh1 Rg6 17. Bd3 Rf8 18. Rae1 Nf6 19. bxc5 dxc5 20. d5 exd5 21. Bxf5 Rh6 22. f4 Ne6 23. Kg1 Nc7 24. Nf3 dxc4 25. Qxc4+ Kh8 26. Bd3 b5 27. Qc2 c4 28. Bf5 Ne4 29. g4 Ne8 30. Be5 N8d6 31. Nd4 Nc5 32. Rd1 Nf7 33. g5 Rh4 34. Qf2 Rh5 35. Bg4 Nxe5 36. Bxh5 Ned3 37. Qg3 Qe4 38. Qf3 Qe7 39. Qh3 Bc8 40. Qg3 Ne4 41. Qh4 Nc3 42. Rxd3 cxd3 43. Bg6 h6 44. Qe1 Ne2+ 45. Nxe2 Qxe3+ 46. Qf2 Qxe2 47. Qxe2 dxe2 48. Re1 hxg5 49. fxg5 Bh3 0-1

[Event "Bundesliga 1415"]
[Site "Germany"]
[Date "2014.12.07"]
[Round "6.6"]
[White "Nisipeanu, Liviu Dieter"]
[Black "Meister, Peter"]
[Result "1-0"]
[WhiteElo "2665"]
[BlackElo "2411"]
[PlyCount "57"]
[EventDate "2014.10.18"]
[EventType "team-tourn"]
[EventRounds "15"]
[EventCountry "GER"]
[SourceTitle "CBM 164"]
[Source "ChessBase"]
[SourceDate "2015.01.15"]
[SourceVersion "1"]
[SourceVersionDate "2015.01.15"]
[SourceQuality "1"]
[WhiteTeam "Baden-Baden"]
[BlackTeam "Bayern Muenchen"]
[WhiteTeamCountry "GER"]
[BlackTeamCountry "GER"]

1. Nf3 g6 2. d4 Bg7 3. c4 d6 4. Nc3 a6 5. h3 Nd7 6. e4 e5 7. d5 Ngf6 8. Be3 0-0 9. g4 Nc5 10. Nd2 a5 11. Be2 Ne8 12. h4 f5 13. g5 f4 14. Bxc5 dxc5 15. Bg4 Nd6 16. Bxc8 Qxc8 17. Qf3 Qd7 18. a4 Ra6 19. 0-0-0 Nf7 20. Rdg1 Qe7 21. Qh3 Re8 22. Nf3 Rb6 23. Kc2 Ra6 24. h5 Nd6 25. b3 Kf7 26. Qg4 Raa8 27. hxg6+ hxg6 28. Rh7 Rg8 29. Nh4 1-0

[Event "Sitges op 40th"]
[Site "Sitges"]
[Date "2014.07.26"]
[Round "5"]
[White "Oliva Castaneda, Kevel"]
[Black "Meister, Peter"]
[Result "1-0"]
[WhiteElo "2419"]
[BlackElo "2410"]
[PlyCount "87"]
[EventDate "2014.07.22"]
[EventType "swiss"]
[EventRounds "9"]
[EventCountry "ESP"]
[SourceTitle "CBM 161 Extra"]
[Source "ChessBase"]
[SourceDate "2014.08.29"]
[SourceVersion "1"]
[SourceVersionDate "2014.08.29"]
[SourceQuality "1"]

1. d4 d5 2. c4 e6 3. Nf3 Nf6 4. g3 Be7 5. Bg2 0-0 6. 0-0 b6 7. Nc3 Bb7 8. Ne5 c6 9. e4 dxc4 10. Nxc4 b5 11. Ne3 Qb6 12. e5 Nd5 13. Qg4 Kh8 14. Rd1 Nxc3 15. bxc3 Nd7 16. f4 f5 17. Qe2 Qa6 18. c4 bxc4 19. Qxc4 Qxc4 20. Nxc4 Rac8 21. Rb1 Ba6 22. Nd6 Bxd6 23. exd6 Nb6 24. Ba3 Rfd8 25. Rbc1 Bc4 26. Bc5 Bd5 27. Bxd5 exd5 28. Re1 Nc4 29. Re7 Nxd6 30. Bxd6 Rxd6 31. Rce1 h6 32. Rxa7 c5 33. dxc5 Rxc5 34. Re8+ Kh7 35. Ree7 Rc1+ 36. Kg2 Rc2+ 37. Kh3 Kh8 38. a4 Rb6 39. Re5 Rbb2 40. Rxf5 Rxh2+ 41. Kg4 Rb3 42. Rf8+ Kh7 43. Raa8 h5+ 44. Kg5 1-0